| Tag |
First Indicator |
Second Indicator |
Subfields |
| LEADER |
00000cam a2200000Ka 4500 |
| 001 |
in00003508021 |
| 006 |
m o d |
| 007 |
cr bn||||||abp |
| 007 |
cr bn||||||ada |
| 008 |
101110s1989 gw a ob 101 0 eng d |
| 005 |
20260421173210.6 |
| 019 |
|
|
|a 645907339
|
| 020 |
|
|
|a 9783642741616 (electronic bk.)
|
| 020 |
|
|
|a 3642741614 (electronic bk.)
|
| 020 |
|
|
|z 0387503838 (U.S.)
|
| 020 |
|
|
|z 9780387503837 (U.S.)
|
| 035 |
|
|
|a (OCoLC)680276354
|z (OCoLC)645907339
|
| 040 |
|
|
|a OCLCE
|b eng
|e pn
|c OCLCE
|d OCLCQ
|d GW5XE
|d OCLCQ
|d OCLCF
|d OCLCQ
|d UtOrBLW
|
| 042 |
|
|
|a dlr
|
| 049 |
|
|
|a TXAM
|
| 050 |
|
4 |
|a QK725
|b .N375 1988
|
| 070 |
|
|
|a QH573.N37
|b v.35
|
| 072 |
|
0 |
|a F400
|
| 082 |
0 |
4 |
|a 581.87/612
|2 20
|
| 111 |
2 |
|
|a NATO Advanced Research Workshop on Signals for Cell Separation in Plants
|d (1988 :
|c Turin, Italy)
|
| 245 |
1 |
0 |
|a Cell separation in plants :
|b physiology, biochemistry, and molecular biology /
|c edited by Daphne J. Osborne, Michael B. Jackson.
|
| 264 |
|
1 |
|a Berlin ;
|a New York :
|b Springer-Verlag,
|c [1989]
|
| 264 |
|
4 |
|c ©1989
|
| 300 |
|
|
|a 1 online resource (xvi, 449 pages) :
|b illustrations.
|
| 336 |
|
|
|a text
|b txt
|2 rdacontent
|
| 337 |
|
|
|a computer
|b c
|2 rdamedia
|
| 338 |
|
|
|a online resource
|b cr
|2 rdacarrier
|
| 490 |
1 |
|
|a NATO ASI series. Series H, Cell biology ;
|v vol. 35
|
| 500 |
|
|
|a "Proceedings of the NATO Advanced Research Workshop on Signals for Cell Separation in Plants held at Turin, Italy, September 25-30, 1988"--Title page verso.
|
| 500 |
|
|
|a "Published in cooperation with NATO Scientific Affairs Division."
|
| 504 |
|
|
|a Includes bibliographical references.
|
| 538 |
|
|
|a Master and use copy. Digital master created according to Benchmark for Faithful Digital Reproductions of Monographs and Serials, Version 1. Digital Library Federation, December 2002.
|u http://purl.oclc.org/DLF/benchrepro0212
|5 MiAaHDL
|
| 583 |
1 |
|
|a digitized
|c 2010
|h HathiTrust Digital Library
|l committed to preserve
|2 pda
|5 MiAaHDL
|
| 520 |
|
|
|a This volume collates the contributions made to the NATO Advanced Research Workshop on Signals for Cell Separation in Plants. It covers phenomena of complete and partial loss of cell adhesion during ripening of fruits, shedding of plant parts, air cavity formation, sloughing of root caps and through pathogenic infection. Molecular biology of changing gene expression, cell wall structure and composition, enzymology, target cell specifications and analysis of model cell culture systems are linked with anatomical, cellular, immunochemical and ultrastructural summaries to provide an up-to-date and in-depth analysis of operating controls in cell-cell dissociation. The book presents a background for the improvement of plants in horticulture and agriculture and the first integrated account of the relevant basic sciences describing the nature of cell contacts and the events that signal the loss of cell adhesion.
|
| 588 |
|
|
|a Description based on print version record.
|
| 500 |
|
|
|a Electronic resource.
|
| 650 |
|
0 |
|a Plant cell differentiation
|v Congresses.
|
| 650 |
|
0 |
|a Plant cellular control mechanisms
|v Congresses.
|
| 650 |
|
7 |
|a Plant cell differentiation.
|2 fast
|0 (OCoLC)fst01065308
|
| 650 |
|
7 |
|a Plant cellular control mechanisms.
|2 fast
|0 (OCoLC)fst01065326
|
| 650 |
|
7 |
|a Cellules végétales
|x Différenciation
|x Congrès.
|2 ram
|
| 655 |
|
7 |
|a Electronic books.
|2 local
|
| 655 |
|
7 |
|a Conference proceedings.
|2 fast
|0 (OCoLC)fst01423772
|
| 700 |
1 |
|
|a Osborne, Daphne J.,
|d 1930-2006.
|
| 700 |
1 |
|
|a Jackson, Michael B.
|
| 710 |
2 |
|
|a SpringerLink (Online service)
|
| 710 |
2 |
|
|a North Atlantic Treaty Organization.
|b Scientific Affairs Division.
|
| 776 |
1 |
8 |
|i Print version:
|a NATO Advanced Research Workshop on Signals for Cell Separation in Plants (1988 : Turin, Italy).
|t Cell separation in plants.
|d Berlin ; New York : Springer-Verlag, ©1989
|w (DLC) 89021648
|w (OCoLC)20261731
|
| 830 |
|
0 |
|a NATO ASI series.
|n Series H,
|p Cell biology ;
|v vol. 35.
|
| 856 |
4 |
0 |
|u http://proxy.library.tamu.edu/login?url=https://link.springer.com/10.1007/978-3-642-74161-6
|z Connect to the full text of this electronic book
|t 0
|
| 994 |
|
|
|a 92
|b TXA
|
| 999 |
|
|
|a MARS
|
| 999 |
f |
f |
|s dd78e2e4-7aab-3dda-80be-6628574b1fa7
|i 86b4b6a6-ea92-3e0c-9f81-695cae11a552
|t 0
|
| 952 |
f |
f |
|a Texas A&M University
|b College Station
|c Electronic Resources
|s www_evans
|d Available Online
|t 0
|e QK725 .N375 1988
|h Library of Congress classification
|
| 998 |
f |
f |
|a QK725 .N375 1988
|t 0
|l Available Online
|